Archivo de don Bernardo O'Higgins

Guardat en:
Dades bibliogràfiques
Autor corporatiu: Academia Chilena de la Historia (Autor)
Format: Llibre
Idioma:espanyol
Publicat: Santiago Academia Chilena de la Historia del Instituto de Chile 2001
Edició:1a. ed
Matèries:
Etiquetes: Afegir etiqueta
Sense etiquetes, Sigues el primer a etiquetar aquest registre!

MARC

LEADER 00000nam a2200000 a 4500
001 UCM4050
003 CL-VaPUC
008 020726e20010000CL |||||||||||||||||spa|d
020 |a 9567563047 v.35 t.1 
082 0 4 |a 983.04  |b ACA  |2 21 
110 2 |a Academia Chilena de la Historia  |e author  |9 470576 
245 1 0 |a Archivo de don Bernardo O'Higgins 
250 |a 1a. ed 
300 |a v 
942 |c BK 
945 |d 20020726 00:00:00  |a cmena 
260 |a Santiago  |b Academia Chilena de la Historia del Instituto de Chile  |c 2001 
500 |a v.35 t.1: Correspondencia del Comandante en Jefe de la escuadra chilena Thomas Alexander Cochrane "Dundonald papers". Archivo Edimburgo, Primera parte, 1818-1820 
600 0 |a O'higgins Riquelme, Bernardo  |9 387808 
650 7 |a HISTORIA CHILENA  |2 CL-VaPUC  |9 393482 
650 0 |a Revistas  |9 335471 
650 0 |a Independencia   |9 344246 
650 0 |a Guerras  |9 255273 
650 0 |a Fuerzas Armadas  |9 255504 
650 0 |a Independencia   |9 344246 
651 7 |a CHILE  |2 CL-VaPUC  |9 470577 
583 |a last modification  |c 20020726 00:00:00  |k Rodrigo Vera 
999 |c 300963  |d 300961 
952 |0 0  |1 0  |4 0  |6 983_040000000000000_ACA_2001  |7 0  |8 X  |9 359441  |a BIBHIS  |b BIBHIS  |d 2019-11-21  |h v.35 t.1  |i 3831868  |o 983.04 ACA 2001  |p 3831868  |r 2024-01-30  |w 2019-11-21  |y BK_X  |k HIS 
952 |0 0  |1 0  |4 0  |6 983_040000000000000_ACA_2001  |7 0  |8 DER_HDC  |9 359442  |a BIBDER  |b BIBDER  |d 2019-11-21  |h v.35 t.1  |i 4754638  |l 1  |o 983.04 ACA 2001  |p 4754638  |r 2023-01-25  |s 2020-03-16  |w 2019-11-21  |x Ubicación 4to Piso  |y BK_X  |z Estos recursos deben solicitarse con anticipación  |k DER 
952 |0 0  |1 0  |4 0  |6 983_040000000000000_ACA_2001  |7 0  |8 X  |9 359443  |a FDOBUD  |b FDOBUD  |d 2019-11-21  |i 4787307  |o 983.04 ACA 2001  |p 4787307  |r 2019-11-21  |w 2019-11-21  |y BK_X  |k BUD 
952 |0 0  |1 0  |4 0  |6 983_040000000000000_ACA_2001  |7 0  |8 X  |9 359444  |a FDOBUD  |b FDOBUD  |d 2019-11-21  |i 4787315  |o 983.04 ACA 2001  |p 4787315  |r 2019-11-21  |w 2019-11-21  |y BK_X  |k BUD